| 000 | 00674nam a2200133Ia 4500 | ||
|---|---|---|---|
| 008 | 171212s9999 xx 000 0 und d | ||
| 020 | _a9781760461058 | ||
| 245 |
_ceditor McDonnell, Siobhan;Allen, Matthew;Filer, Colin _aKastom, property and ideology _bLand transformations in Melanesia |
||
| 260 |
_bANU E Press _c2017 |
||
| 440 | _aState, Society and Governance in Melanesia | ||
| 650 | _aLand use, Urban -- Melanesia; Land tenure -- Melanesia; Land reform -- Melanesia -- Political aspects; Religion and culture -- Melanesia; Melanesia -- Religious life and customs; Melanesia -- Social life and customs | ||
| 650 | _aLaw | ||
| 856 | _uhttp://jstor.org/stable/j.ctt1pwtd1p | ||
| 999 |
_c351181 _d351181 |
||